[Event "Just Another Plain Tournament # 15"]
[Site "SchemingMind.com"]
[Date "2009.05.03"]
[Round "-"]
[White "michalis"]
[Black "johnd"]
[Result "0-1"]
[WhiteCountry "GRE"]
[BlackCountry "IRL"]
[WhiteElo "1771"]
[WhiteRD "122"]
[BlackElo "2085"]
[BlackRD "100"]
[GameID "202378"]

1. e4 e5 2. Nf3 Nc6 3. Bb5 a6 4. Ba4 Nf6 5. O-O Be7 6. Re1 b5 7. Bb3 O-O 8. c3 d5 9. exd5 Nxd5 10. Nxe5 Nxe5
11. Rxe5 c6 12. d4 Bd6 13. Re1 Qh4 14. g3 Qh3 15. Be3 Bg4 16. Qd3 Rae8 17. Nd2 Re6 18. a4 f5 19. axb5 axb5 20. Bxd5 cxd5
21. Qxb5 f4 22. Bxf4 Bxf4 23. Rxe6 Bxe6 24. gxf4 Qg4+ 25. Kh1 Qxf4 26. Qe2 Bg4 27. f3 Bh5 28. Qe6+ Bf7 29. Qe2 Re8 30. Qg2 Bg6
31. Nf1 Qb8 32. Ng3 Rf8 33. Ra5 Qd6 34. Qf1 Bc2 35. Kg2 h5 36. h4 Bb3 37. Qb5 Bc4
0-1

[Event "Just Another Plain Tournament # 15"]
[Site "SchemingMind.com"]
[Date "2009.04.29"]
[Round "-"]
[White "riverriver"]
[Black "Archon"]
[Result "0-1"]
[WhiteCountry "USA"]
[BlackCountry "CAN"]
[WhiteElo "1700"]
[WhiteRD "63"]
[BlackElo "1713"]
[BlackRD "61"]
[GameID "202443"]

1. d4 d6 2. e4 Nf6 3. Bg5 Nxe4 4. Be3 c5 5. dxc5 Nxc5 6. Bb5+ Bd7 7. Bxd7+ Nbxd7 8. Ne2 g6 9. O-O Bg7 10. Nbc3 O-O
11. Bxc5 Nxc5 12. b4 Ne6 13. a3 Rc8 14. Qd3 a6 15. Rad1 b5 16. Ne4 Qc7 17. Rc1 Qc4 18. Qe3 Bb2 19. Rce1 Qxc2 20. N2c3 Bxc3
21. Rc1 Qxc1 22. Rxc1 Bd4 23. Qh6 Rxc1+ 24. Qxc1 Ra8 25. Qc6 Ra7 26. Kf1 Rc7 27. Qxa6 Nf4 28. Ke1 Ra7 29. Qxb5 Rxa3
0-1

[Event "Just Another Plain Tournament # 15"]
[Site "SchemingMind.com"]
[Date "2009.04.29"]
[Round "-"]
[White "riverriver"]
[Black "chessleon"]
[Result "1/2-1/2"]
[WhiteCountry "USA"]
[BlackCountry "NED"]
[WhiteElo "1700"]
[WhiteRD "63"]
[BlackElo "1552"]
[BlackRD "86"]
[GameID "202444"]

1. d4 Nf6 2. c4 e6 3. Nf3 c5 4. d5 b5 5. Bg5 bxc4 6. e4 Qa5+ 7. Bd2 Qb6 8. Nc3 Ba6 9. Na4 Qc7 10. Nc3 g6
11. Bg5 Bg7 12. dxe6 fxe6 13. Qa4 Bb7 14. Nb5 Qb6 15. Bxc4 Bxe4 16. Be2 a6 17. Bxf6 Bxf6 18. Nc3 Nc6 19. Nxe4 Bxb2 20. Rb1 Rb8
21. Nfd2 Na5 22. Nf6+ Ke7 23. Nxd7 Qb4 24. Qxb4 Rxb4 25. Nxc5 Rhb8 26. Nxa6 Bc3 27. Nxb8 Rxb1+ 28. Bd1 Nc4 29. Ke2 Bxd2 30. Kd3 Rxb8
31. Kxc4 Rb1 32. a4 Kd6=
1/2-1/2

[Event "Just Another Plain Tournament # 15"]
[Site "SchemingMind.com"]
[Date "2009.04.29"]
[Round "-"]
[White "riverriver"]
[Black "Schaakmaatje"]
[Result "0-1"]
[WhiteCountry "USA"]
[BlackCountry "NED"]
[WhiteElo "1700"]
[WhiteRD "63"]
[BlackElo "1710"]
[BlackRD "50"]
[GameID "202445"]

1. d4 Nf6 2. c4 g6 3. Nc3 Bg7 4. e4 d6 5. f3 c6 6. Be3 O-O 7. Bd3 e5 8. d5 Nh5 9. g4 Nf4 10. Nge2 g5
11. O-O Nd7 12. c5 cxd5 13. Bxf4 gxf4 14. cxd6 Nb6 15. exd5 Qxd6 16. Be4 Nc4 17. Qd3 Qc5+ 18. Kg2 Ne3+ 19. Kh3 h5
0-1

[Event "Just Another Plain Tournament # 15"]
[Site "SchemingMind.com"]
[Date "2009.05.03"]
[Round "-"]
[White "riverriver"]
[Black "johnd"]
[Result "0-1"]
[WhiteCountry "USA"]
[BlackCountry "IRL"]
[WhiteElo "1700"]
[WhiteRD "63"]
[BlackElo "2109"]
[BlackRD "99"]
[GameID "202446"]

1. d4 Nf6 2. c4 e6 3. Nc3 Bb4 4. Nf3 b6 5. Bg5 h6 6. Bh4 c5 7. Qb3 Bb7 8. a3 Bxc3+ 9. Qxc3 g5 10. Bg3 Ne4
11. Qd3 d6 12. e3 Nd7 13. d5 exd5 14. cxd5 Ndf6 15. Be2 Qe7 16. O-O Nxg3 17. hxg3 Bxd5 18. Qb5+ Qd7 19. Qxd7+ Kxd7 20. Rfd1 Be6
21. Ba6 d5 22. Ne5+ Kd6 23. f4 Rag8 24. Bb7 Kc7 25. Ba6 gxf4 26. gxf4 Rg3 27. f5 Rhg8 28. fxe6 Rxg2+ 29. Kf1 Ne4 30. Nd3 Rh2
31. Rac1 Rgg2
0-1

[Event "Just Another Plain Tournament # 15"]
[Site "SchemingMind.com"]
[Date "2009.04.28"]
[Round "-"]
[White "riverriver"]
[Black "MazetaFighter"]
[Result "0-1"]
[WhiteCountry "USA"]
[BlackCountry "GRE"]
[WhiteElo "1881"]
[WhiteRD "72"]
[BlackElo "1994"]
[BlackRD "61"]
[GameID "202447"]

1. d4 Nf6 2. c4 e6 3. Nc3 Bb4 4. Nf3 c5 5. e3 Nc6 6. Bd3 Bxc3+ 7. bxc3 d6 8. O-O e5 9. d5 Ne7 10. e4 Ng6
11. Bg5 h6
0-1

[Event "Just Another Plain Tournament # 15"]
[Site "SchemingMind.com"]
[Date "2009.04.29"]
[Round "-"]
[White "riverriver"]
[Black "michalis"]
[Result "0-1"]
[WhiteCountry "USA"]
[BlackCountry "GRE"]
[WhiteElo "1700"]
[WhiteRD "63"]
[BlackElo "1840"]
[BlackRD "115"]
[GameID "202448"]

1. d4 Nf6 2. c4 g6 3. Nc3 Bg7 4. g3 O-O 5. Bg2 d6 6. Nf3 Nbd7 7. O-O e5 8. e4 exd4 9. Nxd4 Re8 10. h3 Nc5
11. Re1 Rb8 12. Bg5 h6 13. Bxf6 Qxf6 14. Ndb5 Qd8 15. Nxa7 Be6 16. b4 Bxc3 17. Re3 Bxa1 18. Qxa1 Ra8 19. Nb5 Bxc4 20. Na3 Bd3
21. Nb1 Nb3 22. Qb2 Bxb1 23. axb3 Ba2 24. e5 Rxe5 25. Bxb7 Rxe3 26. fxe3 Ra7 27. Bd5 Qg5 28. e4 Qxg3+ 29. Kf1 Qxh3+ 30. Kg1 Qe3+
31. Kg2 Qd3 32. Qf6 c6 33. Qxg6+ Kf8 34. Qxh6+ Ke7 35. Qh4+ Kd7 36. Qg4+ Kc7 37. Bc4 Qc2+ 38. Qe2 Qxe2+ 39. Bxe2 Bxb3 40. Kf3 Ra4
41. b5 Bc4 42. Bxc4 Rxc4
0-1

[Event "Just Another Plain Tournament # 15"]
[Site "SchemingMind.com"]
[Date "2009.04.29"]
[Round "-"]
[White "Archon"]
[Black "riverriver"]
[Result "1-0"]
[WhiteCountry "CAN"]
[BlackCountry "USA"]
[WhiteElo "1713"]
[WhiteRD "61"]
[BlackElo "1700"]
[BlackRD "63"]
[GameID "202449"]

1. d4 d5 2. e4 c6 3. Nc3 g6 4. f3 e6 5. Be3 Bg7 6. Bd3 Qh4+ 7. Bf2 Qg5 8. Kf1 e5 9. h4 Qd8 10. Nh3 exd4
11. Ne2 dxe4 12. Bxe4 c5 13. Qd3 Bf5 14. Bxf5 gxf5 15. Rb1 Ne7 16. Nhf4 b6 17. b4 Nd7 18. bxc5 bxc5 19. Nh5 Be5 20. Bg3 O-O
21. Rb7 Rb8 22. Rxb8 Qxb8 23. Kf2 h6 24. Bxe5 Nxe5 25. Nf6+ Kg7 26. Nh5+ Kh8 27. Qd2 Qd6 28. Nef4 Kh7 29. Rb1 N7g6 30. Nxg6
1-0

[Event "Just Another Plain Tournament # 15"]
[Site "SchemingMind.com"]
[Date "2009.04.29"]
[Round "-"]
[White "chessleon"]
[Black "riverriver"]
[Result "1-0"]
[WhiteCountry "NED"]
[BlackCountry "USA"]
[WhiteElo "1552"]
[WhiteRD "86"]
[BlackElo "1700"]
[BlackRD "63"]
[GameID "202450"]

1. e4 e5 2. Nf3 Nc6 3. Bb5 a6 4. Ba4 Nf6 5. d3 b5 6. Bb3 h6 7. O-O Be7 8. Nbd2 d6 9. c3 O-O 10. Re1 Re8
11. h3 Bf8 12. Nf1 Be6 13. Bc2 d5 14. Ng3 d4 15. cxd4 exd4 16. e5 Nd5 17. Ne4 f5 18. Ng3 Bc5 19. a3 f4 20. Ne2 Rf8
21. b4 Bb6 22. Bb2 g5 23. Nexd4 Bxd4 24. Nxd4 Nxd4 25. Bxd4 Nxb4 26. Bc5 Nxc2 27. Qxc2 Rf7 28. Rad1 c6 29. Bd6 Rc8 30. d4
1-0

[Event "Just Another Plain Tournament # 15"]
[Site "SchemingMind.com"]
[Date "2009.04.29"]
[Round "-"]
[White "Schaakmaatje"]
[Black "riverriver"]
[Result "1-0"]
[WhiteCountry "NED"]
[BlackCountry "USA"]
[WhiteElo "1769"]
[WhiteRD "51"]
[BlackElo "1830"]
[BlackRD "68"]
[GameID "202451"]

1. d4 d5 2. Nf3 c5 3. e3 e6 4. c3 Nf6 5. Bd3 Nc6 6. Nbd2 Bd6 7. O-O O-O 8. e4 dxe4 9. Nxe4 b6 10. dxc5 bxc5
11. Nxd6 Qxd6 12. Bxh7+ Kxh7 13. Qxd6 Na5 14. Qxf8 Kg6 15. Qh8 Nh7 16. Nh4+
1-0

[Event "Just Another Plain Tournament # 15"]
[Site "SchemingMind.com"]
[Date "2009.05.03"]
[Round "-"]
[White "johnd"]
[Black "riverriver"]
[Result "1-0"]
[WhiteCountry "IRL"]
[BlackCountry "USA"]
[WhiteElo "2109"]
[WhiteRD "99"]
[BlackElo "1700"]
[BlackRD "63"]
[GameID "202452"]

1. d4 d5 2. Nf3 Nf6 3. e3 e6 4. Bd3 c5 5. c3 Nc6 6. Nbd2 Bd6 7. O-O c4 8. Bc2 O-O 9. e4 Bd7 10. e5 Bc7
11. exf6 Qxf6 12. Re1 b5 13. Nxc4 bxc4 14. Bg5 Qf4 15. Bxf4 Bxf4 16. Ne5 Nxe5 17. dxe5 Bc6 18. Qg4 Bh6 19. Qh5 f6 20. exf6 Rxf6
21. g3 Be8 22. Qh3 Bd7 23. f4 Rd8 24. Re5 Rb8 25. Rb1 a5 26. a4 g6 27. Qxh6 Rb7 28. f5
1-0

[Event "Just Another Plain Tournament # 15"]
[Site "SchemingMind.com"]
[Date "2009.04.29"]
[Round "-"]
[White "MazetaFighter"]
[Black "riverriver"]
[Result "1-0"]
[WhiteCountry "GRE"]
[BlackCountry "USA"]
[WhiteElo "2004"]
[WhiteRD "61"]
[BlackElo "1700"]
[BlackRD "63"]
[GameID "202453"]

1. e4 e5 2. Nf3 Nc6 3. d4 exd4 4. Nxd4 Bc5 5. Be3 Qf6 6. c3 Nge7 7. Bc4 b6 8. O-O O-O 9. f4 Nxd4 10. cxd4 d5
11. e5 Qg6 12. Bb3 Bb4 13. a3 Bh3 14. Qc2 Bf5 15. Qf2 Bxb1 16. Raxb1 Ba5 17. Bc2 Nf5 18. b4 Bxb4 19. axb4 c6 20. Kh1 Qg4
21. Bxf5 Qxf5 22. Qf3 Rfc8 23. g4 Qe4 24. Qxe4 dxe4 25. f5 a5 26. bxa5 bxa5 27. Rf4 a4 28. Ra1 a3 29. Rxe4 Ra4 30. Rf4 a2
31. Rf2 c5 32. dxc5 Rca8 33. c6 Ra3 34. Bc5
1-0

[Event "Just Another Plain Tournament # 15"]
[Site "SchemingMind.com"]
[Date "2009.04.29"]
[Round "-"]
[White "michalis"]
[Black "riverriver"]
[Result "1-0"]
[WhiteCountry "GRE"]
[BlackCountry "USA"]
[WhiteElo "1771"]
[WhiteRD "122"]
[BlackElo "1830"]
[BlackRD "68"]
[GameID "202454"]

1. e4 e5 2. Nf3 Nc6 3. Bb5 a6 4. Ba4 b5 5. Bb3 h6 6. O-O Nd4 7. Nxe5 Nxb3 8. axb3 d6 9. Ng4 h5 10. Ne3 h4
11. h3 Nf6 12. d3 Be7 13. c4 Bd7 14. Re1 O-O 15. Nc3 bxc4 16. bxc4 g5 17. Nf5 Bxf5 18. exf5 Nh7 19. Nd5 f6 20. Nxe7+ Kg7
21. Qh5 Qxe7 22. Rxe7+
1-0